000 00832nas a2200277 4500
001 BR0405666
003 BR-BrBNA
005 20231205105023.0
007 ta
008 230509b bl.|||p| |||| 00| 00por d
040 _aBR-BrBNA
_bpor
_cBiblioteca Nacional de Agricultura
041 _a(En)
072 _aQ04
100 1 _aBarth, O.M.
245 1 _aMelissopalynology in Brazil: a review of pollen analysis of honeys, propolis and pollen loads of bees
650 _aABELHA
650 _aMEL
650 _aPÓLEN
650 _aPRÓPOLIS
650 _aPROPRIEDADE FÍSICO-QUÍMICA
650 _aANÁLISE DE ALIMENTO
650 _aAPICULTURA
773 0 _tScientia Agrícola (Brazil)
_xISSN 0103-9016
_g(May-Jun 2004), v. 61(3) p. 342-350
_wBR0405666
909 _a202311
_bLúcia
_c55
_dLúcia Elande
942 _2AGRIS
_n0
_cANA
999 _c180807
_d180807